Defining the social studies /

Saved in:
Bibliographic Details
Main Author: Barr, Robert D.
Other Authors: Barth, James L., 1931-, Shermis, S. Samuel
Format: Book
Language:English
Published: Arlington, Virginia : National Council for the Social Studies , 1977.
Series:Bulletin (National Council for the Social Studies) ; 51.
Subjects:
LEADER 01264nam a2200289 i 4500
001 c000251917
003 CARM
005 00000000000000.0
008 840410s1977 vau 0 eng d
019 1 |a 1142116  |z 23891933  |5 LACONCORD2021 
035 |a (OCoLC)3354780  |5 LACONCORD2021 
082 0 4 |a 300.7 
100 1 |a Barr, Robert D. 
245 1 0 |a Defining the social studies /  |c Robert D. Barr, James L. Barth, S. Samuel Shermis. 
260 |a Arlington, Virginia :  |b National Council for the Social Studies ,  |c 1977. 
300 |a 121 p. :  |b ill. 
490 1 |a National Council for the Social Studies bulletin ;  |v 51 
504 |a Includes bibliographical references. 
650 0 |a Social sciences  |x Study and teaching. 
700 1 |a Barth, James L.,  |d 1931- 
700 1 |a Shermis, S. Samuel. 
830 0 |a Bulletin (National Council for the Social Studies) ;  |v 51. 
852 8 |b CARM  |h A2:AQ38B0  |i B07547  |p 0325349  |f BK 
852 8 |b CARM  |h A1:AO20G0  |i B08258  |p 0403230  |f BK 
999 f f |i 60c62ca3-1487-54f0-936d-b74a329118df  |s 6de522ac-b243-5e36-80cf-84d0801db5f3 
952 f f |p Can circulate  |a CAVAL  |b CAVAL  |c CAVAL  |d CARM 1 Store  |e B08258  |f A1:AO20G0  |h Other scheme  |i book  |m 0403230 
952 f f |p Can circulate  |a CAVAL  |b CAVAL  |c CAVAL  |d CARM 1 Store  |e B07547  |f A2:AQ38B0  |h Other scheme  |i book  |m 0325349